00755nam a2200241Ia 4500003000900000008004100009040001300050040001300063041000800076100002600084245005800110250002200168260002100190260000900211300001100220300001000231490002900241490000800270710000900278942000700287999001700294952020200311IT-RoPAU120407s9999 xx 000 0 und d aIT-RoPAU cIT-RoPAU aita aIgnace de La Potterie aSolo per amore. Riflessioni sul celibato sacerdotale. aCinisello Balsamo aEdizioni Paoline c1993 a222 p. c21 cm aDimensioni dello Spirito v126 aetc. cBK c29315d29315 00102ddc406253_200000000000000_13571aPAULUSbPAULUSd2012-04-11l0o253.2.135r2012-04-11 00:00:00w2012-04-11yBKzInserito da: Jole In data: 30 luglio 2011 fondo: Via A.Severo 56 Progr:33083